Obchodnovedné disciplíny na Obchodnej fakulte EU v Bratislave - historický kontext, výzvy a perspektívy

Historický pohľad na vznik fakulty. Perspektívy vývoja obchodnovedných disciplín a štúdijných programov Obchodnej fakulty.

Salvato in:
Dettagli Bibliografici
Autore principale: Kita, Jaroslav
Natura: Capitolo di libro
Lingua:slovacco
Soggetti:
Tags: Aggiungi Tag
Nessun Tag, puoi essere il primo ad aggiungerne!!

MARC

LEADER 00000naa a2200000 4500
001 0141727
005 20240502072536.3
041 0 |a slo 
044 |a SK 
245 1 0 |a Obchodnovedné disciplíny na Obchodnej fakulte EU v Bratislave - historický kontext, výzvy a perspektívy  |c Jaroslav Kita 
520 |a Historický pohľad na vznik fakulty. Perspektívy vývoja obchodnovedných disciplín a štúdijných programov Obchodnej fakulty. 
610 2 0 |a vzdelávanie vysokoškolské 
610 2 0 |a výučba vedecká 
610 2 0 |a univerzity 
610 2 0 |a obchod 
610 2 0 |a Obchodná fakulta Ekonomickej univerzity v Bratislave 
100 1 |a Kita, Jaroslav